| 000 | 00468nam a22001337a 4500 | ||
|---|---|---|---|
| 040 | _cNUST | ||
| 082 | _a220 PRO | ||
| 100 |
_aBilal Arif Muhammad Umer Khan Azhar Ali Khan Anees Ur Rehman _9122880 |
||
| 110 |
_aSupervisor Dr. Ayesha Zeb Dr. Mohsin Islam Tiwana Dr. Hamid Jabbar _9122881 |
||
| 245 | _aPR-SOF-2332-Unmanned Aerial Vehicle (UAV) Light Show System | ||
| 260 |
_aISLAMABAD: _bNUST COLLEGE OF EME, _c2023. |
||
| 650 |
_aDE-MTS-41 _9122842 |
||
| 942 |
_2ddc _cPR |
||
| 999 |
_c609275 _d609275 |
||